Sistem kerajaan tempatan di Malaysia

Bibliographic Details
Main Author: Phang, Siew Mooi (Author)
Format: Book
Language:Malay
Published: Kuala Lumpur : Dewan Bahasa dan Pustaka 1989
Subjects:

MARC

LEADER 00000cam a2200000 7i4500
001 0000001076
005 20240924.0
008 991125 my a may
020 |a 9836210784 
040 |a INS   |b eng   |e rda 
090 0 0 |a JS7162.A2   |b P42 1989 
100 1 |a Phang, Siew Mooi ,   |e author 
245 1 0 |a Sistem kerajaan tempatan di Malaysia   |c Phang Siew Mooi 
264 1 |a Kuala Lumpur :   |b Dewan Bahasa dan Pustaka   |c 1989 
300 |a vii, 104 pages :   |b illustrations ;   |c 22 cm. 
336 |a text  |2 rdacontent 
337 |a unmediated  |2 rdamedia 
338 |a volume  |2 rdacarrier 
504 |a Includes bibliographical references and index 
650 0 |a Local Government   |z Malaysia 
999 |a 0000004050   |b BOOK   |c Open Shelf   |e Default branch 
999 |a 0000010312   |b BOOK   |c Open Shelf   |e Default branch